| 000 | 00362nam a22001577a 4500 | ||
|---|---|---|---|
| 003 | OSt | ||
| 008 | 250917b |||||||| |||| 00| 0 eng d | ||
| 020 | _a9789322008086 | ||
| 082 | _a354.54092 KAB | ||
| 100 | _aKAW,MK | ||
| 245 | _aBureaucrazy Gets Crazier | ||
| 250 | _a13th IMP | ||
| 260 |
_aNew Delhi _bKonark Pub _c2023 |
||
| 300 | _a196 | ||
| 942 |
_2ddc _cREF |
||
| 999 |
_c13729 _d13729 |
||